Software architecture: Perspectives on an emerging discipline (Record no. 124102)

MARC details
000 -LEADER
fixed length control field 00374nam a2200145Ia 4500
008 - FIXED-LENGTH DATA ELEMENTS--GENERAL INFORMATION
fixed length control field 230917s9999||||xx |||||||||||||| ||und||
040 ## - CATALOGING SOURCE
-- 106250
Original cataloging agency VIVEKANANDA LIBRARY
041 ## - Language
-- English
082 ## - DDC NUMBER
Classification number 005.1 S27S
100 ## - MAIN ENTRY--PERSONAL NAME
Personal name Shaw, Mary
245 #0 - TITLE STATEMENT
Title Software architecture: Perspectives on an emerging discipline
260 ## - PUBLICATION, DISTRIBUTION, ETC. (IMPRINT)
Place of publication, distribution, etc New Delhi
Name of publisher, distributor, etc PHI
Date of publication, distribution, etc 1996
300 ## - PHYSICAL DESCRIPTION
Pages 242 p.
942 ## - ADDED ENTRY ELEMENTS (KOHA)
Koha item type Books
Holdings
Withdrawn status Lost status Damaged status Not for loan Location (home branch) Sublocation or collection (holding branch) Shelving location Date acquired Koha issues (times borrowed) Koha full call number Accession No. Koha date last seen Koha item type
        VIVEKANANDA LIBRARY VIVEKANANDA LIBRARY UIET Library 07/06/2005   005.1 S27S 219710 17/09/2023 Books
        VIVEKANANDA LIBRARY VIVEKANANDA LIBRARY UIET Library 07/06/2005   005.1 S27S 219711 17/09/2023 Books
        VIVEKANANDA LIBRARY VIVEKANANDA LIBRARY   07/06/2005   005.1 S27S 262816 17/09/2023 Books
        VIVEKANANDA LIBRARY VIVEKANANDA LIBRARY UIET Library 07/06/2005   005.1 S27S 262817 17/09/2023 Books
        VIVEKANANDA LIBRARY VIVEKANANDA LIBRARY UIET Library 07/06/2005 1 005.1 S27S 262818 05/11/2024 Books
        VIVEKANANDA LIBRARY VIVEKANANDA LIBRARY UIET Library 07/06/2005   005.1 S27S 262819 17/09/2023 Books
        VIVEKANANDA LIBRARY VIVEKANANDA LIBRARY UIET Library 07/06/2005   005.1 S27S 262820 17/09/2023 Books
        VIVEKANANDA LIBRARY VIVEKANANDA LIBRARY UIET Library 07/06/2005   005.1 S27S 262821 17/09/2023 Books
        VIVEKANANDA LIBRARY VIVEKANANDA LIBRARY UIET Library 07/06/2005   005.1 S27S 262822 17/09/2023 Books
        VIVEKANANDA LIBRARY VIVEKANANDA LIBRARY UIET Library 07/06/2005   005.1 S27S 262823 17/09/2023 Books
© Designed and Maintained by Vivekananda Library, MDU Rohtak